Statistics for Top 15 Best football teams in France

Click here to take the quiz!

General Stats

  • This quiz has been taken 209 times
  • The average score is 11 of 15

Answer Stats

PositionClub% Correct
13Paris Saint-Germain
99%
5Olympique Lyon
97%
1Olympique Marseille
96%
4AS Monaco
92%
7Lille OSC
86%
2Girondins Bordeaux
81%
3AS Saint-Étienne
78%
10FC Nantes
76%
11Stade Rennes
75%
9OGC Nice
73%
15Toulouse FC
60%
8RC Lens
58%
14RC Strasbourg
58%
12FC Metz
39%
6FC Sochaux
28%

Score Distribution

Percentile by Number Answered

Percent of People with Each Score

Your Score History

You have not taken this quiz